| 000 | 00479nam a2200157Ia 4500 | ||
|---|---|---|---|
| 005 | 20250324051037.0 | ||
| 008 | 240331s9999 xx 000 0 und d | ||
| 082 |
_bRAG _a894 |
||
| 100 | _aRagunathan, R | ||
| 245 | 0 | _aBarathiyum shelliyum | |
| 250 | _a4th | ||
| 260 |
_aChennai _bNew Century book house private Ltd _c1988 |
||
| 300 | _a292 p ., | ||
| 500 | _aIn nool namathu maha kavi bharathiyayum aangila naadu maha kavi chelliyaum patriya or oppitu arachiyakum. | ||
| 942 | _cL | ||
| 999 |
_c3859 _d3859 |
||